Imagen e intemperie : las tribulaciones del arte en los tiempos del mercado total /

Gespeichert in:
Bibliographische Detailangaben
1. Verfasser: Escobar, Ticio (autor)
Format: Buch
Sprache:Spanisch
Veröffentlicht: Madrid, España : Clave Intelectual, 2015, c2015
Schlagworte:
Tags: Tag hinzufügen
Keine Tags, Fügen Sie das erste Tag hinzu!

MARC

LEADER 00000nam^a2200000^a^4500
001 000395755
005 20250521000000.0
009 20260310121412.059
020 |a 978-84-943433-8-4 
037 |a Acervo ITESO - Biblioteca 
041 |a ESP 
082 |a 709.  |b ESC 
100 |a Escobar, Ticio  |e (autor) 
245 |a Imagen e intemperie :  |b las tribulaciones del arte en los tiempos del mercado total /  |c T. Escobar. 
264 4 |a Madrid, España :  |b Clave Intelectual,  |c 2015, c2015 
300 |a 262 p. 
336 |a texto  |b txt  |2 rdacontenido 
337 |a sin mediación  |b n  |2 rdamedio 
338 |a volumen  |b nc  |2 rdasoporte 
649 |a XX 
650 |a Arte y Política 
650 |a Arte y Etica 
650 |a Arte -  |x Historia y Crítica -  |x Tema Principal 
910 |a Fondo General 
920 |a Impresos - Libros 
930 |a Colección General 
905 |a 101 
901 |a 0500291082  |b IT1  |c ACC  |i C148614  |u 20250521 
902 |a https://opac.biblio.iteso.mx/vufind/Record/000395755